000 00443nam a2200181Ia 4500
001 24154
005 20260414151024.0
008 260414t2010||||xx |||||||||||||| ||spa||
041 _aESP
082 _a785
_bG91
100 _aTranchefort, Francois-René [dir.]
_eAUT
245 0 _aGuía de la música de cámara
_b
260 _c2010
300 _a1501 páginas :
_c22 cm.
650 _aABD
654 _aCAU
942 _cLIB
_dJUS
_fJUS
_2ddc
_n
999 _c24154
_d24154